000 00370nam a2200121Ia 4500
008 250110s9999 xx 000 0 und d
041 _aeng
100 _aDusane Meghana
_9182656
245 _aWaste Management Of Mahatma Phule Mandai And Surrounding Area
260 _bM.Arch Environmental, Pune
_c2014
300 _a209p
700 _aGuide Name:Kulkarni Prajakta
_9210331
999 _c363523
_d363523